000
00266nam a2200133Ia 4500
100
_a
Billings
942
_c
BK
654
_a
Kinematics
245
_a
Applied Kinematics
260
_b
East west press
_c
2001
082
_a
621.8
300
_a
352
546
_a
ENGLISH
999
_c
30297
_d
30297